| 000 | 01074cam a2200325 a 4500 | ||
|---|---|---|---|
| 001 | 15879 | ||
| 003 | BD-RjUL | ||
| 005 | 20211208235913.0 | ||
| 008 | 140211t1961 nyua b 001 0 eng | ||
| 020 | _a0824082192 (alk. paper) : | ||
| 035 | _a(BD-RjUL) 15934 | ||
| 040 |
_aDLC _cDLC _dDLC _dBD-RjUL _beng |
||
| 041 | _aeng | ||
| 082 | 0 | 0 |
_a303.34 _219 _bTAL 1961 |
| 100 | 1 |
_aTannenbaum, Robert. _948018 |
|
| 245 | 1 | 0 |
_aLeadership and organization : _ba behavioral science approach / _cRobert Tannenbaum, Irving R. Weschler, Fred Massarik. |
| 260 |
_aNew York : _bMcGraw-Hill, _cc1961. |
||
| 300 |
_axiv, 456 p. : _bill. ; _c23 cm. |
||
| 500 | _aReprint. Originally published: New York : McGraw-Hill, c1961. | ||
| 500 | _aIncludes indexes. | ||
| 504 | _aBibliography: p. 431-446. | ||
| 650 | 0 |
_aLeadership. _949237 |
|
| 650 | 0 |
_aOrganization. _949238 |
|
| 700 | 1 |
_aWeschler, Irving R. _949239 |
|
| 700 | 1 |
_aMassarik, Fred. _94216 |
|
| 942 |
_2ddc _cBK |
||
| 999 |
_c15879 _d15879 |
||